000 00500cab a2200193 4500
001 WB3024-07
008 090401t1994 xxu||||| |||| 00| 0 eng d
035 _a(Sirsi) u75742
041 _aeng
245 _aLetting the grass grow
260 _c1994
350 _a0
490 _aDaily Telegraph
_v18 June 1994, 3(2)
520 _aExamines the growing popularity of turf roofs.
650 _aTURF ROOFS
690 _aBUILT ENVIRONMENT-CONSTRUCTION DESIGN
942 _n0
948 _c04/03/1997
999 _c47642
_d47642